000 00594nam a2200229 i 4500
001 C2-0223350
003 PPAK
005 20180728152232.0
008 000208s1991 my |||| ||||| | may d
020 _a9839575155
040 _aPPAK
_beng
_cPPAK
_erda
082 0 4 _a899.23301
_223
090 0 0 _a899.23301
_bNOT
_dKAH
245 0 0 _aNotelun hidup
264 1 _aKuala Lumpur :
_bAngkatan Citra ,
_c1991
300 _axvi, 119 pages ;
_c18 cm
336 _2rdacontent
_atext
337 _2rdamedia
_aunmediated
338 _2rdacarrier
_avolume
650 1 0 _aShort Stories
942 _ddc
_cB
999 _c144500
_d144500